| Tag |
First Indicator |
Second Indicator |
Subfields |
| LEADER |
00000cam a2200000 a 4500 |
| 001 |
in00002139136 |
| 006 |
m e d # |
| 007 |
cr mn mmmmabba |
| 008 |
820429s1798 pau s 000 0 eng d |
| 005 |
20260330214804.1 |
| 035 |
|
|
|z w011241
|
| 035 |
|
|
|a MAAR8204293602B
|
| 035 |
|
|
|9 mwa91-6349
|
| 035 |
|
|
|a 339431
|
| 035 |
|
|
|a aas03011241
|
| 040 |
|
|
|a MWA
|c MWA
|e bdrb
|d UtOrBLW
|
| 100 |
1 |
|
|a Lee, Charles,
|d 1758-1815.
|
| 245 |
1 |
0 |
|a Defence of the Alien and Sedition Laws :
|b shewing their entire consistency with the Constitution of the United States, and the principles of our government. : Addressed to the people of Virginia. /
|c By Virginiensis.
|
| 264 |
|
3 |
|a Philadelphia :
|b Printed by John Ward Fenno,
|c M,DCC,XCVIII. [1798]
|
| 300 |
|
|
|a 47 pages, 1 unnumbered page ;
|c 17 cm. (duodecimo)
|
| 336 |
|
|
|a text
|b txt
|2 rdacontent
|
| 337 |
|
|
|a computer
|b c
|2 rdamedia
|
| 338 |
|
|
|a online resource
|b cr
|2 rdacarrier
|
| 500 |
|
|
|a Caption title: Virginiensis on the Alien and Sedition Laws.
|
| 500 |
|
|
|a Attributed to Lee by Evans.
|
| 510 |
4 |
|
|a Evans
|c 33991
|
| 530 |
|
|
|a Microform version available in the Readex Early American Imprints series.
|
| 533 |
|
|
|a Electronic text and image data.
|b [Chester, Vt. :
|c Readex, a division of Newsbank, Inc.,
|d 2002-2004.
|e Includes files in TIFF, GIF and PDF formats with inclusion of keyword searchable text.
|f (Early American imprints. First series ; no. 33991).
|
| 500 |
|
|
|a Electronic resource.
|
| 650 |
|
0 |
|a Alien and Sedition laws, 1798.
|
| 651 |
|
0 |
|a United States
|x Politics and government
|y 1797-1801.
|
| 740 |
0 |
|
|a Virginiensis on the Alien and Sedition Laws.
|
| 752 |
|
|
|a United States
|b Pennsylvania
|d Philadelphia.
|
| 830 |
|
0 |
|a Early American imprints.
|n Series I,
|p Evans (1639-1800) ;
|v no. 33991.
|
| 856 |
4 |
1 |
|u http://proxy.library.tamu.edu/login?url=https://opac.newsbank.com/select/evans/33991
|y Evans Digital Edition
|t 0
|
| 999 |
|
|
|a MARS
|
| 999 |
f |
f |
|s c256859a-9ab1-3235-8e32-1e407a3c263b
|i 25097e7b-f10c-3ead-bae4-6a7d7870e10d
|t 0
|
| 952 |
f |
f |
|a Texas A&M University
|b College Station
|c Electronic Resources
|s www_evans
|d Available Online
|t 0
|h No information provided
|
| 998 |
f |
f |
|t 0
|l Available Online
|